| 000 | 00702cam a2200217 a 4500 | ||
|---|---|---|---|
| 001 | 1477059 | ||
| 005 | 20251103193012.0 | ||
| 008 | 870415s1988 mdua b 001 0 eng c | ||
| 020 | _a068303314X | ||
| 050 | 0 | 0 |
_aRZ275.W48 _bF67 1988 |
| 082 | 0 | 0 |
_a617/.371 _219 |
| 100 | 1 | _aForeman, Stephen M. | |
| 245 | 1 | 0 |
_aWhiplash injuries : _bthe cervical acceleration/deceleration syndrome / _cStephen M. Foreman, Arthur C. Croft. |
| 250 | _a1st ed. | ||
| 260 |
_aBaltimore : _bWilliams & Wilkins, _cc1988. |
||
| 300 |
_axviii, 419 p. : _bill. ; _c26 cm. |
||
| 650 | 0 |
_aWhiplash injuries _xChiropractic treatment. |
|
| 650 | 2 |
_aCervical Vertebrae _xinjuries. |
|
| 700 | 1 | _aCroft, Arthur C. | |
| 942 |
_2lcc _cBK _n0 |
||
| 999 |
_c8012 _d8012 |
||